000 00834naa a2200241 u 4500
001 07543
003 HDC
007 cr bn|---aauu|
008 210128p9999 | a z000 s eng d
040 _aHDC
100 _aHei, Zhihu
_98070
245 4 _aThe Development and International Cooperation of Halal Industry in Ningxia / by
_cHei Zhihu
260 _a[No place] :
_b[publisher not identified],
_c[no year]
300 _a9 pages
336 _atext
_2rdacontent
337 _acomputer
_2rdamedia
338 _aonline resource
_2rdacarrier
650 _aHalal industry
_zChina
_98071
650 _anational economy
_98072
856 _zRequest full-text at [email protected]
942 _2lcc
942 _cSPE
999 _c4866
_d4866